| 000 | 00635nam a2200217 i 4500 | ||
|---|---|---|---|
| 001 | 140819 | ||
| 003 | ES-MaACL | ||
| 005 | 20230906200147.0 | ||
| 007 | t| | ||
| 008 | 070917s1956 sp ||||1| spa d | ||
| 100 | 1 |
_aYela Utrilla, Juan Francisco. _9117613 |
|
| 245 | 1 | 0 |
_aSéneca / _cnueva versión directa por Juan Francisco Yela. |
| 250 | _aReimp. | ||
| 260 |
_aBarcelona : _bLabor, _c[1956] |
||
| 300 |
_a272 p. : _bil. ; _c17 cm. |
||
| 490 | 1 |
_aClásicos Labor ; _v5 |
|
| 600 | 1 | 4 |
_aSéneca, Lucio Anneo. _9105451 |
| 830 | 0 |
_aClásicos Labor ; _v5 _9185822 |
|
| 852 |
_aES-MaACL _jC-11667 _bR.39751 |
||
| 999 |
_c140819 _d140819 |
||